| 000 | 01084naa a22002657a 4500 | ||
|---|---|---|---|
| 001 | BR8106520 | ||
| 003 | BR-BrBNA | ||
| 005 | 20250716171950.0 | ||
| 007 | ta | ||
| 008 | 250630b bl.|||m| |||| 00| 0 por d | ||
| 040 |
_aBR-BrBNA _bpor _cBiblioteca Nacional de Agricultura |
||
| 041 | _a(Pt) | ||
| 072 |
_aE30; P12; F00 _b/G514 |
||
| 090 | _aE30 BR8106520 | ||
| 100 | 1 | _aLamster, E.C. | |
| 245 | 1 | _aProducao e produtividade, teu nome e PROVARZEAS [projeto de desenvolvimento, irrigacao, Programa Nacional para Aproveitamento de Varzeas Irrigaveis, Brasil] | |
| 500 | _aPROVARZEAS Nacional. 1 hectare vale por dez Brasilia, DF (Brasil): 1981. p. 172-177 [17 illus.] (BR8106520-AMS) | ||
| 773 | 0 |
_tPROVARZEAS Nacional. 1 hectare vale por dez _wE30 BR8106520 _gBrasilia, DF (Brasil), 1981. p. 172-177 |
|
| 650 | _aPROJETO DE DESENVOLVIMENTO | ||
| 650 | _aPRODUCAO VEGETAL | ||
| 650 | _aIRRIGACAO | ||
| 490 |
_aInformacao Tecnica - Programa Nacional para Aproveitamento de Varzeas Irrigaveis (Brazil) _vno. 1 |
||
| 942 |
_cAMS _2AGRIS |
||
| 909 |
_a202506 _bLúcia _c55 _dLúcia Elande |
||
| 999 |
_c333882 _d333882 |
||